Which Facebook "Like"s Reveal Your Orientation? - Statistics

General Stats
  • This quiz has been taken 165 times
  • The average score is 5 of 20
Answer Stats
Hint Answer % Correct
athleticwear/sport Nike Basketball
58%
actor/martial artist Bruce Lee
57%
sports website Sportsnation
49%
TV show host/actress Ellen DeGeneres
46%
fake "sports entertainment" WWE
41%
political/social issue Human Rights Campaign
39%
Lakers basketball star Shaq
27%
Broadway production Wicked the Musical
24%
mental state/afternoon activity Being Confused After Waking Up From Naps
20%
rap group you shouldn't mess with Wu-Tang Clan
20%
singer/actor, season 8 Idol finalist Adam Lambert
19%
footwear and sports apparel store Foot Locker
19%
ginger actress/comedian Kathy Griffin
16%
TV show character Kurt Hummel Glee
15%
video game developer of Halo Bungie
13%
TV show character Sue Sylvester Glee
9%
extreme sporting event X Games
9%
fashion/cosmetics Mac Cosmetics
8%
social issue No H8 Campaign
4%
fashion/cosmetics Juicy Couture
1%
No matching quizzes found
Score Distribution
Percent of People with Each Score
Percentile by Number Answered
Your Score History
You have not taken this quiz